000 00475nam a2200169Ia 4500
008 240729s9999 xx 000 0 und d
022 _a1687-5443
245 0 _aNeural Plasticity
260 _aUnited Kingdom
260 _bHindawi Limited
650 _a Internal medicine
650 _a Neurosciences. Biological psychiatry. Neuropsychiatry
650 _aMedicine
856 _uhttps://doaj.org/toc/d89abec448b64d928e29130483f53524
942 _2ddc
942 _cDOAJEJ
999 _c71524
_d71524
945 _a1
_bMadushi Gamage
_c1
_dMadushi Gamage